[Event "World Rapid 2015"]
[Site "Berlin GER"]
[Date "2015.10.11"]
[Round "9.33"]
[White "Ivanisevic, Ivan"]
[Black "Vidit, Santosh Gujrathi"]
[Result "1/2-1/2"]
[WhiteElo "2653"]
[BlackElo "2651"]
[PlyCount "107"]
[EventDate "2015.10.10"]
[EventType "rapid"]

1. d4 Nf6 2. c4 g6 3. g3 c6 4. Nf3 d5 5. Qb3 Bg7 6. Bg2 O-O 7. Nc3 dxc4 8. Qxc4
Bf5 9. O-O Nbd7 10. Bf4 Qb6 11. Qb3 Qxb3 12. axb3 a6 13. Rfc1 h6 14. h3 g5 15.
Bd2 Rfd8 16. Be1 Rac8 17. Na4 Ne4 18. Ba5 Re8 19. e3 e5 20. Rd1 Nef6 21. dxe5
Nxe5 22. Nd4 Bg6 23. Nc5 Re7 24. f4 Ned7 25. Nxb7 Rxe3 26. Nd6 Rb8 27. N6f5
Bxf5 28. Nxf5 Rexb3 29. Bxc6 Nc5 30. fxg5 Nfe4 31. Bc7 Bxb2 32. Bxb8 Bxa1 33.
Rd8+ Kh7 34. gxh6 Rb1+ 35. Kg2 Rb2+ 36. Kf3 Rf2+ 37. Ke3 Rxf5 38. Bxe4 Nxe4 39.
Kxe4 Rh5 40. Bf4 Rxh3 41. Ra8 Bb2 42. Ra7 Kg6 43. Rxa6+ Kh7 44. Ra7 Kg6 45.
Ra6+ Kh7 46. Rb6 Ba1 47. Rb1 Bh8 48. Kd5 Rh5+ 49. Kd6 Bf6 50. Rb6 Bg5 51. Kd7
Bxf4 52. gxf4 Rf5 53. Ke7 Rxf4 54. Rf6 1/2-1/2

[Event "World Rapid 2015"]
[Site "Berlin GER"]
[Date "2015.10.11"]
[Round "9.34"]
[White "Kravtsiv, Martyn"]
[Black "Kovalev, Vladislav"]
[Result "1/2-1/2"]
[WhiteElo "2621"]
[BlackElo "2546"]
[PlyCount "92"]
[EventDate "2015.10.10"]
[EventType "rapid"]

1. e4 e5 2. Nf3 Nc6 3. Bc4 Nf6 4. Ng5 d5 5. exd5 Na5 6. Bb5+ c6 7. dxc6 bxc6 8.
Bd3 Ng4 9. Ne4 f5 10. Be2 h5 11. h3 fxe4 12. hxg4 Bc5 13. b4 O-O 14. bxc5 Qd4
15. O-O Qxa1 16. Nc3 hxg4 17. Nxe4 Qxa2 18. d3 Qe6 19. Qd2 Nb7 20. Qe3 a5 21.
Bb2 a4 22. Ng5 Qg6 23. d4 a3 24. Ba1 Bf5 25. Bc4+ Kh8 26. dxe5 Nxc5 27. e6 Ne4
28. Nf7+ Kh7 29. Qf4 Bxe6 30. Bxe6 Qxe6 31. Qxe4+ Qxe4 32. Ng5+ Kg6 33. Nxe4
Rfd8 34. f3 Ra4 35. Kf2 Rc4 36. Bc3 a2 37. Ke3 Rb8 38. Ra1 Ra4 39. Nc5 Rc4 40.
Ne4 Ra4 41. Nc5 Rc4 42. Ne4 Ra4 43. Kd2 Rb1 44. Nc5 Ra3 45. Nd3 gxf3 46. gxf3
Rxc3 1/2-1/2

[Event "World Rapid 2015"]
[Site "Berlin GER"]
[Date "2015.10.11"]
[Round "9.38"]
[White "Moiseenko, Alexander"]
[Black "Maze, Sebastien"]
[Result "1/2-1/2"]
[WhiteElo "2692"]
[BlackElo "2582"]
[PlyCount "102"]
[EventDate "2015.10.10"]
[EventType "rapid"]

1. d4 Nf6 2. c4 g6 3. Nc3 Bg7 4. e4 d6 5. Bd3 O-O 6. Nge2 Nc6 7. O-O Nd7 8. Be3
e5 9. d5 Nd4 10. Bb1 Nxe2+ 11. Qxe2 a5 12. Bc2 Nc5 13. a3 f5 14. exf5 gxf5 15.
f4 e4 16. Qd2 Bd7 17. b4 axb4 18. axb4 Rxa1 19. Rxa1 Na6 20. Rb1 Qe7 21. Bd4
Bxd4+ 22. Qxd4 Qg7 23. Qxg7+ Kxg7 24. Kf2 Kf6 25. g4 fxg4 26. Nxe4+ Kg7 27. Ke3
Bf5 28. Bd3 Bxe4 29. Bxe4 h5 30. f5 Kf6 31. Kf4 Nb8 32. c5 Nd7 33. cxd6 cxd6
34. Rc1 Ne5 35. Rc7 Ra8 36. Rh7 Nf7 37. Rxh5 Ra4 38. Rh4 Rxb4 39. Rxg4 Ne5 40.
Rg8 Nd3+ 41. Ke3 Nc5 42. Bc2 Rh4 43. Rg2 b5 44. Kd2 b4 45. Kc1 Ke5 46. Rf2 Kf6
47. Kb2 Rh3 48. Rg2 Ke5 49. Rf2 Kf6 50. Rg2 Ke5 51. Rf2 Kf6 1/2-1/2

[Event "World Rapid 2015"]
[Site "Berlin GER"]
[Date "2015.10.11"]
[Round "9.39"]
[White "Bruzon Batista, Lazaro"]
[Black "Huzman, Alexander"]
[Result "1/2-1/2"]
[WhiteElo "2659"]
[BlackElo "2580"]
[PlyCount "164"]
[EventDate "2015.10.10"]
[EventType "rapid"]

1. e4 c5 2. Nf3 d6 3. d4 cxd4 4. Nxd4 Nf6 5. Nc3 a6 6. Be3 Ng4 7. Bg5 h6 8. Bh4
g5 9. Bg3 Bg7 10. h3 Ne5 11. Be2 Nbc6 12. Nb3 Be6 13. O-O Ng6 14. Qd2 Rc8 15.
Rad1 O-O 16. Nd5 Nce5 17. Nd4 Nc4 18. Qb4 b5 19. a4 Bxd5 20. exd5 Nb6 21. axb5
Nxd5 22. Qb3 Ndf4 23. Bg4 Rb8 24. Nc6 Rxb5 25. Qxb5 axb5 26. Nxd8 Rxd8 27. c3
e6 28. Bxf4 Nxf4 29. g3 Ng6 30. Ra1 Rb8 31. Ra6 b4 32. Rxd6 bxc3 33. bxc3 Bxc3
34. Rc1 Bb4 35. Ra6 Ne5 36. Bh5 Rd8 37. Rc2 Kg7 38. Ra7 Kf6 39. Kg2 Rd2 40.
Rxd2 Bxd2 41. Rb7 Bc1 42. Bd1 Bd2 43. Bc2 Bc1 44. Rb8 Kg7 45. Bb3 Bd2 46. Kf1
Bc3 47. Rb7 Kf6 48. Ba4 Kg7 49. Ke2 Bd4 50. Be8 Kf8 51. Bb5 Kg7 52. Ba4 Bc5 53.
Bc2 Kf6 54. Be4 Bd4 55. Rb5 Ng6 56. Kf3 Ne5+ 57. Kg2 Ng6 58. Ra5 Bb6 59. Ra6
Bd4 60. Bxg6 Kxg6 61. g4 h5 62. Ra4 Be5 63. Kf3 hxg4+ 64. hxg4 Bd6 65. Ra6 Bc5
66. Ke2 Kf6 67. Ra5 Bb6 68. Rb5 Bc7 69. Kd3 Bf4 70. Kc4 Ke7 71. f3 Ke8 72. Rb7
Bg3 73. Kb5 Bf4 74. Kc6 Bg3 75. Ra7 Bf4 76. Ra8+ Ke7 77. Rg8 Be3 78. Kc7 Bf4+
79. Kc8 Be3 80. Rd8 Bf4 81. Rd7+ Ke8 82. Rd8+ Ke7 1/2-1/2

[Event "World Rapid 2015"]
[Site "Berlin GER"]
[Date "2015.10.11"]
[Round "9.40"]
[White "Jumabayev, Rinat"]
[Black "Volokitin, Andrei"]
[Result "0-1"]
[WhiteElo "2606"]
[BlackElo "2639"]
[PlyCount "112"]
[EventDate "2015.10.10"]
[EventType "rapid"]

1. Nf3 c5 2. c4 Nf6 3. g3 d5 4. cxd5 Nxd5 5. Nc3 Nc6 6. Bg2 Nc7 7. O-O e5 8. a3
Rb8 9. d3 Be7 10. Nd2 f6 11. Nc4 Bd7 12. f4 b5 13. Ne3 O-O 14. Ned5 Nxd5 15.
Nxd5 Bd6 16. a4 a6 17. axb5 axb5 18. Be3 Kh8 19. Rc1 Nd4 20. fxe5 fxe5 21. Nc3
Rxf1+ 22. Qxf1 c4 23. Ne4 Be7 24. h3 Be6 25. Kh2 h6 26. Qf2 Qd7 27. Rf1 cxd3
28. exd3 Rc8 29. g4 Rc2 30. Qg3 Bd5 31. Rf2 Rxf2 32. Qxf2 Qc7 33. g5 hxg5 34.
Kg1 Qc2 35. Bxg5 Bxg5 36. Nxg5 Qc1+ 37. Kh2 Qxg5 38. Bxd5 Qf4+ 39. Qxf4 exf4
40. h4 Nf5 41. Be4 Nxh4 42. Kh3 g5 43. Kg4 f3 44. Kg3 b4 45. d4 Kg7 46. d5 Kf6
47. Bd3 Ke5 48. Bc4 Kd4 49. Bf1 Kxd5 50. Kg4 Ke4 51. Bb5 f2 52. Kxg5 Nf3+ 53.
Kg4 f1=Q 54. Bxf1 Nh2+ 55. Kg3 Nxf1+ 56. Kf2 Kd3 0-1

[Event "World Rapid 2015"]
[Site "Berlin GER"]
[Date "2015.10.11"]
[Round "9.41"]
[White "Agrest, Evgenij"]
[Black "Khairullin, Ildar"]
[Result "1/2-1/2"]
[WhiteElo "2596"]
[BlackElo "2652"]
[PlyCount "82"]
[EventDate "2015.10.10"]
[EventType "rapid"]

1. Nf3 c5 2. c4 Nf6 3. Nc3 d5 4. cxd5 Nxd5 5. e3 e6 6. Bc4 Nc6 7. O-O Be7 8. d4
cxd4 9. exd4 O-O 10. Re1 Bf6 11. Ne4 Nce7 12. Ne5 Nf5 13. Bb3 Be7 14. a3 Bd7
15. Qd3 Bc6 16. Nxc6 bxc6 17. Bc2 g6 18. Rd1 Qb6 19. Rb1 Rfd8 20. Qc4 Qb5 21.
Qxb5 cxb5 22. Nc3 Nxc3 23. bxc3 Nd6 24. a4 Rac8 25. axb5 Rxc3 26. Bd3 Nc4 27.
Be3 Nxe3 28. fxe3 Bg5 29. Kf2 e5 30. Ra1 Rd7 31. Ke2 exd4 32. exd4 Bf6 33. Ra4
Bxd4 34. Bxg6 Re7+ 35. Kf1 hxg6 36. Raxd4 Rb3 37. Rd5 Rb7 38. Ra1 Rb2 39. h4
Kg7 40. h5 gxh5 41. Rxh5 R2xb5 1/2-1/2

[Event "World Rapid 2015"]
[Site "Berlin GER"]
[Date "2015.10.11"]
[Round "9.42"]
[White "Shchekachev, Andrei"]
[Black "Gajewski, Grzegorz"]
[Result "1-0"]
[WhiteElo "2531"]
[BlackElo "2654"]
[PlyCount "125"]
[EventDate "2015.10.10"]
[EventType "rapid"]

1. Nf3 d5 2. d4 Nf6 3. c4 e6 4. Nc3 Bb4 5. Bg5 h6 6. Bxf6 Qxf6 7. e3 O-O 8. Be2
dxc4 9. O-O Bxc3 10. bxc3 b6 11. Ne5 Bb7 12. f4 Qe7 13. Bxc4 Nd7 14. Qg4 Nf6
15. Qh3 Be4 16. a4 a5 17. Bb5 Nd5 18. Bc6 Nxc3 19. Bxa8 Rxa8 20. Rf2 c6 21. Qh5
b5 22. g4 f6 23. Ng6 Qe8 24. f5 b4 25. Qh3 Rb8 26. Nf4 exf5 27. gxf5 b3 28. Rb2
Bc2 29. Ne6 Qe7 30. Qg4 Rd8 31. e4 Nxe4 32. Rxc2 bxc2 33. Qxe4 Qa3 34. Qe1 Qd3
35. Nxd8 Qxd4+ 36. Kg2 Qg4+ 37. Kf2 Qxf5+ 38. Ke2 Qd5 39. Qc3 Qxd8 40. Qxc2 Qd4
41. Qb3+ Kh8 42. Re1 Qe5+ 43. Kf1 Qf4+ 44. Kg1 Qg5+ 45. Qg3 Qh5 46. h3 Kh7 47.
Kh2 Qd5 48. Rg1 g5 49. Rf1 Kg6 50. Qf3 Qe5+ 51. Kg2 c5 52. Qd3+ f5 53. Rf2 Qe6
54. Re2 Qc6+ 55. Qf3 Qd6 56. Qe3 Kh5 57. Qf3+ Kg6 58. Rf2 Qe6 59. Rd2 c4 60.
Qd5 Qe1 61. Qc6+ Kh5 62. Qf3+ Kg6 63. Rd6+ 1-0

[Event "World Rapid 2015"]
[Site "Berlin GER"]
[Date "2015.10.11"]
[Round "9.43"]
[White "Zhang, Zhong"]
[Black "Safarli, Eltaj"]
[Result "0-1"]
[WhiteElo "2619"]
[BlackElo "2657"]
[PlyCount "70"]
[EventDate "2015.10.10"]
[EventType "rapid"]

1. e4 e5 2. Nf3 Nc6 3. d4 exd4 4. Nxd4 Bc5 5. Nxc6 Qf6 6. Qf3 dxc6 7. Nc3 Be6
8. Bd3 O-O-O 9. h4 h6 10. Bd2 Qxf3 11. gxf3 Nf6 12. Rg1 g6 13. Ne2 Nd7 14. Bc3
Rhe8 15. f4 h5 16. Nd4 Bg4 17. Kf1 Nf6 18. Nxc6 Nxe4 19. Rxg4 hxg4 20. Nxd8
Kxd8 21. Re1 Nxf2 22. Bf6+ Kd7 23. Rxe8 Kxe8 24. Be2 Ne4 25. Be5 Ng3+ 26. Ke1
Nxe2 27. Kxe2 Bd6 28. Bd4 Bxf4 29. Bxa7 b6 30. a4 Kd7 31. a5 bxa5 32. b3 Bg3
33. Be3 Bxh4 34. Bd2 f5 35. Bxa5 f4 0-1

[Event "World Rapid 2015"]
[Site "Berlin GER"]
[Date "2015.10.11"]
[Round "9.44"]
[White "Piorun, Kacper"]
[Black "Seirawan, Yasser"]
[Result "1/2-1/2"]
[WhiteElo "2609"]
[BlackElo "2620"]
[PlyCount "78"]
[EventDate "2015.10.10"]
[EventType "rapid"]

1. e4 c6 2. d4 d5 3. Nc3 dxe4 4. Nxe4 Nf6 5. Nxf6+ gxf6 6. Nf3 Bg4 7. c3 Nd7 8.
g3 Ne5 9. Bg2 Bxf3 10. Bxf3 Nxf3+ 11. Qxf3 Qd5 12. Qxd5 cxd5 13. Bf4 Kd7 14.
Ke2 e6 15. g4 h5 16. h3 Be7 17. a4 Rag8 18. Kf3 Rg7 19. Rag1 Bd6 20. Bxd6 Kxd6
21. gxh5 Rgh7 22. Rg3 Rxh5 23. Kg2 e5 24. dxe5+ fxe5 25. Rd1 Ke6 26. a5 Rh4 27.
b3 R8h5 28. Rgd3 e4 29. Rg3 f5 30. Rg8 f4 31. Rg4 f3+ 32. Kg3 Rxh3+ 33. Kf4
R3h4 34. Rxh4 Rxh4+ 35. Ke3 Rh5 36. Kd4 Rh2 37. Ke3 Rh5 38. Kd4 Kf5 39. Ke3 Ke6
1/2-1/2

[Event "World Rapid 2015"]
[Site "Berlin GER"]
[Date "2015.10.11"]
[Round "9.45"]
[White "Van Wely, Loek"]
[Black "Pavlovic, Milos"]
[Result "1-0"]
[WhiteElo "2632"]
[BlackElo "2481"]
[PlyCount "49"]
[EventDate "2015.10.10"]
[EventType "rapid"]

1. d4 Nf6 2. c4 e6 3. Nf3 d5 4. Nc3 Be7 5. Bg5 h6 6. Bh4 O-O 7. e3 Ne4 8. Bxe7
Qxe7 9. g4 c5 10. cxd5 exd5 11. Rg1 Be6 12. g5 hxg5 13. Nxe4 dxe4 14. Nxg5 Bf5
15. Rc1 Nd7 16. Bc4 cxd4 17. exd4 Nf6 18. Rc3 g6 19. Bb3 Rad8 20. Qd2 Kg7 21.
Qf4 Nd5 22. Qxf5 Nxc3 23. Nxf7 Qf6 24. Qxf6+ Kxf6 25. Nxd8 1-0

[Event "World Rapid 2015"]
[Site "Berlin GER"]
[Date "2015.10.11"]
[Round "9.46"]
[White "Salem, A.R. Saleh"]
[Black "Hausrath, Daniel"]
[Result "1-0"]
[WhiteElo "2624"]
[BlackElo "2503"]
[PlyCount "78"]
[EventDate "2015.10.10"]
[EventType "rapid"]

1. d4 Nf6 2. c4 Nc6 3. Nf3 e6 4. Nc3 Bb4 5. e3 d6 6. Bd2 O-O 7. a3 Bxc3 8. Bxc3
Ne4 9. Rc1 e5 10. Be2 Bg4 11. O-O Nxc3 12. Rxc3 e4 13. Nd2 Bxe2 14. Qxe2 f5 15.
b4 Qh4 16. b5 Nd8 17. f4 exf3 18. Qxf3 Rb8 19. c5 Ne6 20. cxd6 cxd6 21. Qd5
Rbe8 22. Nc4 Qd8 23. Nxd6 Qd7 24. Qe5 Re7 25. Nxf5 Ref7 26. Rcc1 Nc7 27. Nd6
Rf6 28. Rxf6 Rxf6 29. Ne4 Rf7 30. a4 Re7 31. Qd6 Nd5 32. Qxd7 Rxd7 33. Rc8+ Kf7
34. Kf2 Kg6 35. Nc5 Re7 36. e4 Nc3 37. Kf3 b6 38. Nd3 Nxa4 39. Rc4 Rf7+ 1-0

[Event "World Rapid 2015"]
[Site "Berlin GER"]
[Date "2015.10.11"]
[Round "9.47"]
[White "Motylev, Alexander"]
[Black "Shabalov, Alexander"]
[Result "1-0"]
[WhiteElo "2649"]
[BlackElo "2522"]
[PlyCount "73"]
[EventDate "2015.10.10"]
[EventType "rapid"]

1. e4 c5 2. Nf3 d6 3. d4 cxd4 4. Nxd4 Nf6 5. Nc3 Nc6 6. Bg5 e6 7. Qd2 a6 8.
O-O-O Bd7 9. f3 b5 10. Nxc6 Bxc6 11. Bd3 Be7 12. h4 h6 13. Be3 Nd7 14. Kb1 Ne5
15. Ne2 d5 16. Qc3 Qd6 17. Bf4 Bf6 18. Nd4 Rc8 19. exd5 Bb7 20. Qd2 Qxd5 21.
Be4 Qd7 22. Nf5 Bd5 23. Bxd5 exd5 24. Ne3 d4 25. Qxd4 Qxd4 26. Rxd4 Ng6 27.
Re4+ Kf8 28. Bd6+ Kg8 29. h5 Nf8 30. Nd5 Nd7 31. Be7 Be5 32. Rd1 f5 33. Re2 Kf7
34. Bb4 Rhe8 35. Ne7 Rc4 36. Rxd7 Ke6 37. Rd5 1-0

[Event "World Rapid 2015"]
[Site "Berlin GER"]
[Date "2015.10.11"]
[Round "9.48"]
[White "Belov, Vladimir"]
[Black "Hasangatin, Ramil"]
[Result "1-0"]
[WhiteElo "2614"]
[BlackElo "2509"]
[PlyCount "163"]
[EventDate "2015.10.10"]
[EventType "rapid"]

1. d4 d6 2. Nf3 Bg4 3. c4 Bxf3 4. exf3 c6 5. g3 d5 6. Nc3 e6 7. b3 Ne7 8. Bh3
g6 9. O-O Bg7 10. Ne2 O-O 11. a4 dxc4 12. bxc4 c5 13. Rb1 cxd4 14. Rxb7 Nbc6
15. Nf4 Na5 16. Rb1 e5 17. Nd3 Nxc4 18. Qc2 Na5 19. Bd2 Nac6 20. Rb7 Rb8 21.
Rd7 Qb6 22. Rc1 Rfd8 23. a5 Qb5 24. Rc7 Rd6 25. Bg5 Rb7 26. Rxb7 Qxb7 27. Rb1
Qa6 28. Nc5 Qxa5 29. Nb7 Qd5 30. Nxd6 Qxd6 31. Bxe7 Nxe7 32. Bf1 Nd5 33. Rb7 a5
34. Ra7 Nc3 35. Qb3 Qf6 36. Qb8+ Bf8 37. Bc4 Qxf3 38. Bxf7+ Qxf7 39. Rxf7 Kxf7
40. Qc7+ Be7 41. Qxa5 Ke6 42. f3 Bd6 43. Kf1 h5 44. Ke1 e4 45. fxe4 Nxe4 46.
Ke2 Nc5 47. Qa8 d3+ 48. Ke3 Be7 49. Qg8+ Kf6 50. Qd5 Bf8 51. Kf3 Be7 52. Qd4+
Kf7 53. Qd5+ Kf6 54. h3 Bf8 55. Qc6+ Kf7 56. Qc7+ Be7 57. Qc6 Bf8 58. g4 hxg4+
59. hxg4 Be7 60. Qd5+ Kf6 61. Qg8 Bd6 62. g5+ Ke5 63. Qxg6 d2 64. Qc2 Be7 65.
Qxd2 Ne6 66. Qe3+ Kd6 67. g6 Bf6 68. Kg4 Ng7 69. Qa7 Ke6 70. Qb6+ Ke7 71. Qb7+
Ke6 72. Kf4 Nh5+ 73. Ke4 Ng3+ 74. Kf3 Nf5 75. Qc8+ Ke5 76. Qe8+ Kd6 77. Kf4 Nd4
78. Qf8+ Be7 79. Qf7 Ne6+ 80. Kf5 Nd8 81. Qg8 Nc6 82. g7 1-0

[Event "World Rapid 2015"]
[Site "Berlin GER"]
[Date "2015.10.11"]
[Round "9.49"]
[White "Svane, Rasmus"]
[Black "Grigoriants, Sergey"]
[Result "1/2-1/2"]
[WhiteElo "2543"]
[BlackElo "2603"]
[PlyCount "73"]
[EventDate "2015.10.10"]
[EventType "rapid"]

1. Nf3 Nf6 2. c4 b6 3. g3 c5 4. Bg2 Bb7 5. O-O g6 6. Nc3 Bg7 7. d4 cxd4 8. Qxd4
d6 9. Rd1 Nbd7 10. Be3 O-O 11. Qh4 Rc8 12. Rac1 a6 13. b3 Rc7 14. Bh3 Ba8 15.
g4 Rc8 16. g5 Ne8 17. Bxd7 Qxd7 18. Bxb6 Bxf3 19. exf3 Bxc3 20. Rxc3 Qb7 21.
Be3 Qxf3 22. Rcd3 Qf5 23. Rd5 Qe6 24. Re1 Ng7 25. Bd2 Qd7 26. Qe4 Nf5 27. Bc3
Rc5 28. Qe5 f6 29. gxf6 Rxf6 30. Qe4 Rf7 31. Rxc5 dxc5 32. Qe6 Qd3 33. Qc8+ Rf8
34. Qe6+ Rf7 35. Qc8+ Rf8 36. Qe6+ Rf7 37. Qc8+ 1/2-1/2

[Event "World Rapid 2015"]
[Site "Berlin GER"]
[Date "2015.10.11"]
[Round "9.50"]
[White "Bezold, Michael"]
[Black "Anton Guijarro, David"]
[Result "0-1"]
[WhiteElo "2509"]
[BlackElo "2634"]
[PlyCount "60"]
[EventDate "2015.10.10"]
[EventType "rapid"]

1. c4 b6 2. d4 Bb7 3. Nc3 Nf6 4. f3 d5 5. cxd5 Nxd5 6. e4 Nxc3 7. bxc3 e6 8.
Be3 Be7 9. Bb5+ c6 10. Ba4 O-O 11. Ne2 Qc7 12. O-O c5 13. Qe1 Ba6 14. Rd1 cxd4
15. Nxd4 Bxf1 16. Qxf1 a6 17. f4 Bc5 18. e5 Nc6 19. Qf3 Ne7 20. Bc2 Rad8 21.
Be4 Bxd4 22. cxd4 Qc3 23. g4 Nd5 24. Bxd5 Rxd5 25. f5 Ra5 26. Qf2 Ra3 27. Bg5
Qh3 28. Qe2 Rxa2 29. Qxa2 Qxg4+ 30. Kf2 Qxd1 0-1

[Event "World Rapid 2015"]
[Site "Berlin GER"]
[Date "2015.10.11"]
[Round "9.51"]
[White "Alekseev, Evgeny"]
[Black "Tari, Aryan"]
[Result "1-0"]
[WhiteElo "2642"]
[BlackElo "2521"]
[PlyCount "117"]
[EventDate "2015.10.10"]
[EventType "rapid"]

1. e4 c5 2. Nf3 d6 3. d4 cxd4 4. Qxd4 Nf6 5. Bb5+ Bd7 6. c4 g6 7. Nc3 Bg7 8.
O-O O-O 9. Qd3 Bg4 10. h3 Bxf3 11. Qxf3 Nbd7 12. Bxd7 Qxd7 13. Bd2 Rfc8 14. b3
a6 15. a4 e6 16. Rad1 Qc6 17. Bf4 Qb6 18. Ne2 Ne8 19. Rd3 Qc6 20. Nc3 f5 21.
Re1 Bxc3 22. Rxc3 e5 23. Bh6 Ng7 24. Bxg7 Kxg7 25. exf5 Qxf3 26. Rxf3 gxf5 27.
Rxf5 Rf8 28. Rxf8 Kxf8 29. c5 Ke7 30. f4 dxc5 31. Rxe5+ Kd6 32. a5 Rd8 33. Kf2
Kc6 34. Re6+ Kd5 35. Re7 Rd6 36. g4 b5 37. axb6 Rxb6 38. Re3 a5 39. f5 a4 40.
bxa4 Kd4 41. g5 c4 42. f6 Rb2+ 43. Re2 Rb8 44. Re7 c3 45. Rd7+ Kc4 46. Rc7+ Kd3
47. Kg3 c2 48. Kg4 Rb4+ 49. Kh5 Rxa4 50. Rxc2 Kxc2 51. Kh6 Ra7 52. h4 Kd3 53.
h5 Rf7 54. g6 Rxf6 55. Kxh7 Ke4 56. g7 Rf7 57. Kg6 Rf4 58. g8=Q Rg4+ 59. Kh7
1-0

[Event "World Rapid 2015"]
[Site "Berlin GER"]
[Date "2015.10.11"]
[Round "9.52"]
[White "Guliyev, Namig"]
[Black "Ladva, Ottomar"]
[Result "0-1"]
[WhiteElo "2579"]
[BlackElo "2423"]
[PlyCount "204"]
[EventDate "2015.10.10"]
[EventType "rapid"]

1. e4 c5 2. Nf3 e6 3. d4 cxd4 4. Nxd4 Nc6 5. Nb5 d6 6. Bf4 e5 7. Be3 Nf6 8. Bg5
a6 9. N5c3 Be7 10. Bxf6 Bxf6 11. Bc4 O-O 12. O-O Kh8 13. Nd5 Bg5 14. Nbc3 b5
15. Bb3 f5 16. exf5 Bxf5 17. Ne3 Bg6 18. Bd5 Qb6 19. Bxc6 Qxc6 20. Ncd5 Rad8
21. c3 Bxe3 22. Nxe3 d5 23. Rc1 Qe6 24. Qb3 Bf7 25. Nc2 Qg6 26. Qa3 d4 27. cxd4
exd4 28. Nxd4 Bd5 29. f3 Qb6 30. Qe3 Bxa2 31. Nf5 Qxe3+ 32. Nxe3 Rfe8 33. Rfe1
h6 34. Ra1 Bc4 35. Rxa6 Rd2 36. b4 Rb2 37. Ra3 Rxb4 38. Rc1 Rb2 39. Rca1 Kh7
40. Re1 b4 41. Ra7 b3 42. Rc7 Bg8 43. Rc3 Ra2 44. Rb1 b2 45. Kf2 Rb8 46. Rc2
Bf7 47. f4 Rb5 48. Ke2 Bg6 49. f5 Be8 50. g4 Rb4 51. Nd5 Rxg4 52. Rc7 Kg8 53.
Kf3 Rg5 54. Kf4 Bf7 55. h4 Rh5 56. Nc3 Ra5 57. Rxb2 Raxf5+ 58. Kg3 Rf1 59. Rb8+
Kh7 60. Rbb7 Rhf5 61. Ne4 R1f3+ 62. Kg2 R3f4 63. Ng3 Rf6 64. Ra7 Kg6 65. h5+
Kg5 66. Rc3 Kg4 67. Kg1 Rb4 68. Ra1 Bxh5 69. Re1 Bg6 70. Nf1 h5 71. Re2 Kg5 72.
Ng3 h4 73. Nh1 Be4 74. Rc5+ Kh6 75. Rc1 Bxh1 76. Kxh1 Rfb6 77. Rcc2 g5 78. Kg2
Kh5 79. Red2 Rb3 80. Kh2 R6b4 81. Re2 Rb5 82. Rcd2 Rf5 83. Rd8 Rbf3 84. Rh8+
Kg6 85. Kg2 Rg3+ 86. Kh2 Rgf3 87. Kg2 Rf8 88. Re6+ R3f6 89. Rxf8 Rxe6 90. Rh8
Kf5 91. Ra8 Kf4 92. Rf8+ Kg4 93. Rf2 Re4 94. Ra2 Rb4 95. Kh2 h3 96. Rc2 Kh4 97.
Rc1 g4 98. Kh1 g3 99. Kg1 Rf4 100. Rb1 h2+ 101. Kg2 Rf2+ 102. Kh1 Kh3 0-1

[Event "World Rapid 2015"]
[Site "Berlin GER"]
[Date "2015.10.11"]
[Round "9.53"]
[White "Bruedigam, Martin"]
[Black "Romanov, Evgeny"]
[Result "0-1"]
[WhiteElo "2375"]
[BlackElo "2573"]
[PlyCount "102"]
[EventDate "2015.10.10"]
[EventType "rapid"]

1. e4 e5 2. Nf3 Nc6 3. Bc4 Bc5 4. b4 Bxb4 5. c3 Be7 6. d4 Na5 7. Bd3 d6 8. dxe5
dxe5 9. Nxe5 Nf6 10. O-O O-O 11. Qc2 c5 12. Nd2 Qc7 13. Nec4 Nxc4 14. Bxc4 Bd6
15. h3 Re8 16. Re1 Bd7 17. a4 Bc6 18. Bb5 Bf4 19. Bxc6 Qxc6 20. f3 c4 21. Nf1
Bc7 22. Be3 Nd7 23. Bd4 Nc5 24. Bxc5 Qxc5+ 25. Kh1 Rad8 26. Rad1 g6 27. Ne3
Rxd1 28. Qxd1 Qe5 29. Ng4 Qg3 30. e5 Rd8 31. Qe2 h5 32. Nf6+ Kg7 33. Qe4 Rd2
34. f4 Bd8 35. Rb1 b6 36. Ne8+ Kf8 37. Nd6 Qd3 38. Rb4 Rd1+ 39. Kh2 h4 40. Qxd3
cxd3 41. Rd4 Be7 42. Ne4 Bc5 43. Nxc5 bxc5 44. Rd5 c4 45. Rd4 d2 46. a5 Ke7 47.
Rd6 f6 48. g3 hxg3+ 49. Kg2 g5 50. Rd4 gxf4 51. exf6+ Kf7 0-1

[Event "World Rapid 2015"]
[Site "Berlin GER"]
[Date "2015.10.11"]
[Round "9.54"]
[White "Dlugy, Maxim"]
[Black "Meister, Jakob"]
[Result "1-0"]
[WhiteElo "2518"]
[BlackElo "2437"]
[PlyCount "127"]
[EventDate "2015.10.10"]
[EventType "rapid"]

1. d4 d5 2. Bf4 Bf5 3. e3 e6 4. Nf3 Bd6 5. Bg3 Bxg3 6. hxg3 Nd7 7. c4 c6 8. Nc3
h6 9. b4 Ngf6 10. Qb3 Qe7 11. Be2 dxc4 12. Bxc4 b5 13. Be2 a5 14. bxa5 Rxa5 15.
O-O O-O 16. Rfc1 Rfa8 17. a4 b4 18. Nd1 Be4 19. Nb2 Bd5 20. Bc4 Ne4 21. Bxd5
cxd5 22. Rc7 Qd6 23. Rb7 Rb8 24. Rxb8+ Nxb8 25. Nd3 Nc6 26. Nfe5 Nxe5 27. Nxe5
Ra8 28. a5 Qb8 29. Qa4 Nc3 30. Qc6 Qc8 31. Qxc8+ Rxc8 32. Nd3 b3 33. Ra3 Ne2+
34. Kf1 Nc1 35. Nb2 Kf8 36. a6 Ke7 37. Ke1 Kd6 38. Kd1 Na2 39. Rxb3 Nc3+ 40.
Ke1 Ne4 41. a7 Rc1+ 42. Ke2 Ra1 43. Rb7 Ra2 44. Kf3 g5 45. g4 f5 46. gxf5 exf5
47. Nd3 Kc6 48. Rf7 g4+ 49. Kf4 Kb6 50. Nb4 Rxa7 51. Nxd5+ Ka6 52. Rxa7+ Kxa7
53. f3 gxf3 54. gxf3 Nd6 55. Ne7 h5 56. Nxf5 Nc4 57. Kg5 Nd2 58. f4 Kb7 59.
Kxh5 Kc6 60. Kg4 Kd5 61. Ng3 Nc4 62. Kf3 Nd6 63. e4+ Kxd4 64. Nf5+ 1-0

[Event "World Rapid 2015"]
[Site "Berlin GER"]
[Date "2015.10.11"]
[Round "9.55"]
[White "Hjartarson, Johann"]
[Black "Breutigam, Martin"]
[Result "0-1"]
[WhiteElo "2529"]
[BlackElo "2380"]
[PlyCount "94"]
[EventDate "2015.10.10"]
[EventType "rapid"]

1. c4 c6 2. Nf3 d5 3. b3 Nf6 4. Bb2 Bg4 5. e3 e6 6. Be2 Nbd7 7. O-O Bd6 8. d4
Qc7 9. Nbd2 O-O 10. h3 Bh5 11. Rc1 Rfe8 12. a3 Rad8 13. b4 Qb8 14. c5 Bc7 15.
a4 Bg6 16. Nh4 e5 17. Nxg6 hxg6 18. b5 Nf8 19. Nb3 Ne6 20. Qc2 Ng5 21. dxe5
Bxe5 22. Bxe5 Qxe5 23. Nd4 Ne6 24. Nf3 Qe4 25. a5 cxb5 26. Bxb5 Re7 27. a6 bxa6
28. Bxa6 Rc7 29. c6 Rd6 30. Bd3 Qb4 31. Ne5 d4 32. Rb1 Qa5 33. Rb8+ Nf8 34.
exd4 Rxd4 35. Rb5 Qa3 36. Rb7 Qd6 37. Re1 Nd5 38. Bc4 Ne6 39. Qb2 Ndf4 40. Rxc7
Qxc7 41. Nxg6 Rxc4 42. Ne5 Rc5 43. h4 f6 44. Ng4 Qxc6 45. f3 Rc2 46. Qb3 Rxg2+
47. Kh1 Rxg4 0-1

[Event "World Rapid 2015"]
[Site "Berlin GER"]
[Date "2015.10.11"]
[Round "9.56"]
[White "Ehlvest, Jaan"]
[Black "Berend, Elvira"]
[Result "1-0"]
[WhiteElo "2535"]
[BlackElo "2370"]
[PlyCount "89"]
[EventDate "2015.10.10"]
[EventType "rapid"]

1. Nf3 Nf6 2. c4 g6 3. Nc3 Bg7 4. e4 d6 5. d4 O-O 6. Be2 e5 7. O-O exd4 8. Nxd4
Re8 9. f3 Nc6 10. Be3 Nh5 11. Nc2 f5 12. Qd2 Be6 13. exf5 Bxf5 14. Bd3 Bxd3 15.
Qxd3 Ne5 16. Qd2 c6 17. b3 Qa5 18. Nd4 Nf7 19. Rad1 a6 20. Bf2 Bh6 21. Qc2 Bg7
22. Nde2 b5 23. Bd4 bxc4 24. bxc4 Bxd4+ 25. Rxd4 Qc5 26. Ne4 Qe5 27. Qd2 Rad8
28. Rd1 Nf6 29. Nxf6+ Qxf6 30. Ng3 Rb8 31. Ne4 Qe5 32. h4 Kg7 33. a4 Re6 34. a5
Kg8 35. Kh1 Qh5 36. Qf4 Qe5 37. Qxe5 Rxe5 38. Nf6+ Kg7 39. Nd7 Rbe8 40. Nxe5
Rxe5 41. Rb1 Rxa5 42. Rb7 Rf5 43. Rxd6 Rf4 44. Rxc6 Rxh4+ 45. Kg1 1-0

[Event "World Rapid 2015"]
[Site "Berlin GER"]
[Date "2015.10.11"]
[Round "9.57"]
[White "Kunin, Vitaly"]
[Black "Milanovic, Danilo"]
[Result "1-0"]
[WhiteElo "2556"]
[BlackElo "2469"]
[PlyCount "91"]
[EventDate "2015.10.10"]
[EventType "rapid"]

1. d4 Nf6 2. c4 c5 3. d5 b5 4. cxb5 a6 5. b6 d6 6. Nc3 Nbd7 7. e4 Rb8 8. Nf3 g6
9. Be2 Bg7 10. O-O O-O 11. h3 Nxb6 12. Bf4 Na8 13. Qd2 Rb4 14. e5 Ne4 15. Nxe4
Rxe4 16. Bd3 Rb4 17. Bh6 Nc7 18. a3 Rb6 19. Bc4 Bb7 20. Rad1 dxe5 21. Bxg7 Kxg7
22. Nxe5 Rd6 23. Qe3 Nxd5 24. Qc1 Nf6 25. Rfe1 Rd4 26. f3 Qd6 27. Rd3 e6 28.
Qg5 Bd5 29. Rc1 Rxd3 30. Bxd3 Rb8 31. Rc2 Rb3 32. Bf1 h6 33. Qxh6+ Kxh6 34.
Nxf7+ Kg7 35. Nxd6 Nd7 36. Bxa6 Rb6 37. Ne8+ Kf7 38. Nc7 Bb3 39. Rd2 Ke7 40.
Bb5 Nf6 41. a4 c4 42. g4 g5 43. h4 gxh4 44. g5 Nh5 45. Rd7+ Kf8 46. a5 1-0